Finnish players with most matches in Serie A since 2000 - Statistics

General Stats
  • This quiz has been taken 12 times
  • The average score is 3 of 5
Answer Stats
Matches Answer % Correct
300 Perparim Hetemaj
91%
29 Jesse Joronen
55%
22 Niklas Moisander
55%
35 Aleksey Eremenko Jr.
36%
24 Roman Eremenko
36%
No matching quizzes found
Score Distribution
Percent of People with Each Score
Percentile by Number Answered
Your Score History
You have not taken this quiz